| Поле | Инд. | ПП | Название | Значение |
|---|---|---|---|---|
| Тип записи | a | |||
| Библиографический уровень | b | |||
| 001 | Контрольный номер | RU/IS/BASE/267621647 | ||
| 005 | Дата корректировки | 20200629065916.6 | ||
| 008 | Кодируемые данные | 20080624 | ||
| 040 | b | Код языка каталог. | rus | |
| e | Правила каталог. | PSBO | ||
| 041 | 0_ | a | Код языка текста | rus |
| 084 | a | Индекс другой классификации/Индекс ББК | 83.3(4Фра)4; 86.37-574.3; 82.3(4Фра)-442 | |
| 100 | 1_ | a | Автор | Школьникова О. Ю. |
| 245 | 10 | a | Заглавие | Средневековая агиография: от истории к сказке |
| b | Продолж. заглавия | (латинские и французские версии Жития св. Этьена де Мюре) | ||
| 504 | a | Библиография | Библиогр. - Примеч.: с. 69 - 71 | |
| 600 | 34 | a | Персоналии | Этьен де Мюре (святой) |
| 650 | 04 | a | Основная рубрика | история литературы |
| a | Основная рубрика | литературоведение | ||
| a | Основная рубрика | религиоведение | ||
| a | Основная рубрика | филологические науки | ||
| a | Основная рубрика | христианство | ||
| a | Основная рубрика | религия | ||
| 653 | 1_ | a | Ключевые слова | агиография |
| a | Ключевые слова | волшебные сказки | ||
| a | Ключевые слова | Житие св. Этьена де Мюре | ||
| a | Ключевые слова | жития | ||
| a | Ключевые слова | история религии | ||
| a | Ключевые слова | латинские тексты | ||
| a | Ключевые слова | литературные жанры | ||
| a | Ключевые слова | монашеские ордена | ||
| a | Ключевые слова | монашество | ||
| a | Ключевые слова | орден Гранмон | ||
| a | Ключевые слова | переводная литература | ||
| a | Ключевые слова | религиозная литература | ||
| a | Ключевые слова | религиозные ордена | ||
| a | Ключевые слова | сказки | ||
| a | Ключевые слова | средние века | ||
| a | Ключевые слова | Франция | ||
| a | Ключевые слова | французская литература | ||
| 773 | 08 | t | Заглавие источника | Вестник Московского университета. Серия 9, Филология |
| d | Дата издания источника | 2007 | ||
| g | Прочая информация | № 5. - С. 54 - 71 | ||
| w | Контрольный № источника | RU/IS/BASE/261756274 | ||
| 901 | t | Тип документа | b |